000 00604nmc a2200229 a 4500
003 AR-BaBNM
005 20251128202841.0
008 138019s1985 ||||||||||||||000 | spa||
020 _a84-7088-419-0
040 _cAR-BaBNM
100 1 _aDromi, José Roberto
245 1 0 _aEl acto administrativo
260 _aMadrid
_bInstituto de Estudios de Administración Local
_c1985
300 0 _a299 p.
490 0 _aEstudios derecho público
504 _aBibliografía p. 275-287
650 4 _aADMINISTRACION PUBLICA
650 4 _aDISCIPLINA
650 4 _aREGLAMENTOS
942 _cBK
998 _cCarmen
999 _c880
_d880